[Event "Main Vogelsberg op 8th"]
[Site "Hanau"]
[Date "2013.06.02"]
[Round "6"]
[White "Scholz, Michael"]
[Black "Simon, Carlo"]
[Result "1-0"]
[WhiteElo "1708"]
[BlackElo "1938"]
[PlyCount "81"]
[EventDate "2013.05.30"]
[EventType "swiss"]
[EventRounds "7"]
[EventCountry "GER"]
[SourceTitle "EXT 2014"]
[Source "ChessBase"]
[SourceDate "2013.11.20"]
[SourceVersion "1"]
[SourceVersionDate "2013.11.20"]
[SourceQuality "1"]

1. Nf3 Nf6 2. b4 g6 3. Bb2 Bg7 4. c4 d6 5. Nc3 a6 6. a4 Ne4 7. Qc2 Nxc3 8. Bxc3 Bxc3 9. Qxc3 0-0 10. e3 Bg4 11. Be2 e5 12. h3 Bd7 13. d4 f6 14. 0-0 Nc6 15. b5 Nb8 16. Rfd1 Qe7 17. Rac1 Bf5 18. Qb3 Be6 19. Qb4 e4 20. Nh2 Nd7 21. Rd2 c5 22. bxc6 bxc6 23. Qb7 c5 24. Qxe4 f5 25. Qc2 Rfb8 26. Rb1 Qf8 27. Nf3 Rxb1+ 28. Qxb1 Rb8 29. Rb2 Rc8 30. d5 Bf7 31. Rb7 Qd8 32. Bd1 h6 33. a5 Nf6 34. Qb2 Nd7 35. Ba4 Nb8 36. g3 Qf8 37. Nh4 Rd8 38. Qf6 Re8 39. Nxg6 Qg7 40. Ne7+ Rxe7 41. Qxe7 1-0

[Event "Unterfranken-ch HB 53th"]
[Site "Wuerzburg"]
[Date "2002.??.??"]
[Round "8"]
[White "Simon, Carlo"]
[Black "Czirnich, Wolfgang"]
[Result "1-0"]
[WhiteElo "1805"]
[BlackElo "1742"]
[PlyCount "123"]
[EventDate "2002.04.01"]
[EventType "swiss"]
[EventRounds "9"]
[EventCountry "GER"]
[SourceTitle "EXT 2015"]
[Source "ChessBase"]
[SourceDate "2014.11.20"]
[SourceVersion "1"]
[SourceVersionDate "2014.11.20"]
[SourceQuality "1"]

1. e4 d5 2. exd5 Nf6 3. d4 Nxd5 4. c4 Nb6 5. c5 Nd5 6. Bc4 e6 7. Nf3 b6 8. cxb6 cxb6 9. 0-0 Be7 10. Ne5 0-0 11. Bxd5 exd5 12. Nc3 Bb7 13. f4 Nc6 14. a3 Na5 15. Rf3 Rc8 16. Rh3 Nc4 17. Qc2 h6 18. Qe2 Nxe5 19. fxe5 Bg5 20. Qg4 f5 21. Qf3 f4 22. Qg4 Rc6 23. Rd3 Bc8 24. Qf3 Bf5 25. Rd1 Bc2 26. Rd2 Bb3 27. Nb5 a6 28. Nd6 Qc7 29. Qxb3 Rxc1+ 30. Rd1 Rxd1+ 31. Rxd1 Qc6 32. Kf2 Be7 33. Ne4 Qe6 34. Rc1 Bh4+ 35. Kg1 f3 36. Rc2 Qf7 37. Nd6 f2+ 38. Kf1 Qe6 39. Qd3 Rd8 40. Rc6 Be7 41. Qf5 Qxf5 42. Nxf5 Bg5 43. Rc7 Rf8 44. g4 Rf7 45. Rc6 Kh7 46. h4 Bd8 47. e6 Ra7 48. Rd6 Bf6 49. Rd7 Ra8 50. g5 hxg5 51. hxg5 Bd8 52. Rxg7+ Kh8 53. g6 Bg5 54. Rd7 Re8 55. e7 Kg8 56. Kxf2 b5 57. Kf3 a5 58. Rxd5 Bxe7 59. Re5 Kf8 60. g7+ Kf7 61. Rxe7+ Rxe7 62. Nxe7 1-0

[Event "Unterfranken-ch HB 53th"]
[Site "Wuerzburg"]
[Date "2002.??.??"]
[Round "3"]
[White "Simon, Carlo"]
[Black "Nahler, Michael"]
[Result "1-0"]
[WhiteElo "1805"]
[BlackElo "1750"]
[PlyCount "31"]
[EventDate "2002.04.01"]
[EventType "swiss"]
[EventRounds "9"]
[EventCountry "GER"]
[SourceTitle "EXT 2015"]
[Source "ChessBase"]
[SourceDate "2014.11.20"]
[SourceVersion "1"]
[SourceVersionDate "2014.11.20"]
[SourceQuality "1"]

1. e4 c5 2. b4 cxb4 3. a3 e6 4. axb4 Bxb4 5. Bb2 Nf6 6. e5 Nd5 7. Qg4 0-0 8. Bd3 Nc6 9. Nf3 b6 10. Bxh7+ Kxh7 11. Qh5+ Kg8 12. Ng5 Re8 13. Qxf7+ Kh8 14. Qh5+ Kg8 15. Qh7+ Kf8 16. Qh8+ 1-0